| 000 | 01385nam0a22003131 4500 | ||
|---|---|---|---|
| 001 | v19\rc\2034881 | ||
| 005 | 20260405162057.0 | ||
| 035 | _a(NLR Aleph) 005274041 | ||
| 090 |
_a6029651 _c6029651 |
||
| 100 | _a20080925d1917 |||y0rusy50 ca | ||
| 101 | 0 | _arus | |
| 102 | _aRU | ||
| 105 | _ay z ||||| | ||
| 200 | 1 |
_aПедагогические сочинения _fН.А. Добролюбов _gС библиогр. указаниями А.Г. Фомина |
|
| 210 |
_aПетроград _cИзд-во газ. "Шк. и жизнь" _d1917 |
||
| 215 |
_a[4], 472 с. _d24 |
||
| 311 | _aБеспл. прил. к № 11-13 газ. "Шк. и жизнь" за 1917 г. | ||
| 422 | 0 |
_12001#$aШкола и жизнь$v1917, № 11-13 _tШкола и жизнь |
|
| 532 | 1 | 3 | _aПедагогические сочинения |
| 700 | 1 |
_8rus _7ca _aДобролюбов _bН. А. _f1836-1861 _gНиколай Александрович _3RU\NLR\AUTH\7717177 _9267 |
|
| 702 | 1 |
_4570 _8rus _7ca _aФомин _bА. Г. _cлитературовед, библиограф _f1887-1939 _gАлександр Григорьевич _3RU\NLR\AUTH\7768447 _951375 |
|
| 801 | 0 |
_aRU _bNLR _c20080925 _gpsbo |
|
| 801 | 0 |
_aRU _bRuMoRGB _c20080925 _2psbo |
|
| 801 | 1 |
_aRU _bProSoft-M _c20080925 _2rusmarc |
|
| 801 | 2 |
_aRU _bNLR _c20121009 _2rusmarc |
|
| 852 |
_aNLR _j96/922 |
||
| 942 | _cBOOK | ||
| 980 | _aNB | ||